Characters of recommended clones (Record no. 52640)

MARC details
000 -LEADER
fixed length control field 00412nam a2200121Ia 4500
100 ## - MAIN ENTRY--AUTHOR NAME
Personal name Marattukalam J.G.
245 #0 - TITLE STATEMENT
Title Characters of recommended clones
260 ## - PUBLICATION, DISTRIBUTION, ETC. (IMPRINT)
Name of publisher In: Training Manual on Rubber Culture and Estate Management, Rubber Research Institute of India, Kottayam, India, pp. 24-27.
Year of publication 1995
650 ## - SUBJECT ADDED ENTRY--TOPICAL TERM
Topical Term Clonal character
650 ## - SUBJECT ADDED ENTRY--TOPICAL TERM
Topical Term Clone
942 ## - ADDED ENTRY ELEMENTS (KOHA)
Koha item type Bibliography STAF
Holdings
Withdrawn status Lost status Damaged status Not for loan Home library Current library Date acquired Koha item type
      Bibliography RRII Library RRII Library 09/04/2014 Bibliography STAF